| 000 | 00633nam a2200205 a 4500 | ||
|---|---|---|---|
| 001 | 14036 | ||
| 003 | BD-JhCC | ||
| 005 | 20240524095903.0 | ||
| 008 | 240524b1989 b |||| ||a| 000 0 b d | ||
| 035 | _a(BD-JhCC)14036 | ||
| 040 |
_aBD-JhCC _dBD-JhCC |
||
| 041 | _aBengali | ||
| 082 |
_a891.443 _bQUA 1989 |
||
| 100 | _a কাদির,আবদদুল | ||
| 245 |
_aনজরুল প্রতিভার স্বরূপ / _bআবদদুল কাদির। |
||
| 260 |
_aঢাকা: _bনজরুল ইন্সটিউট; _c1989. |
||
| 300 |
_a491 p. : _c22 cm. |
||
| 650 | _aBengali Novel | ||
| 942 |
_2ddc _cBK |
||
| 999 |
_c14036 _d14036 |
||